000 00432nam a2200181Ia 4500
001 23645
005 20260414150951.0
008 260414t2013||||xx |||||||||||||| ||spa||
041 _aESP
082 _a681.2
_bC88 2011
100 _aCreus Solé, Antonio
_eAUT
245 0 _aInstrumentación industrial
_b
260 _c2013
300 _a776 páginas :
_c23 cm.
650 _aTCA
654 _aCII
942 _cLIB
_dJUS
_fJUS
_2ddc
_n
999 _c23645
_d23645